| 000 | 01041nam a2200277 a 4500 | ||
|---|---|---|---|
| 003 | MX-MxUPN | ||
| 005 | 20250822104850.0 | ||
| 007 | cr a | ||
| 008 | 241029s2020 mx ||||fo|||| 000 0 spa d | ||
| 020 | _a9786078482511 ( Universidad Autónoma de Nayarit) | ||
| 020 | _a9786079897307 | ||
| 040 |
_aMX-MxUPN _bspa _cMX-MxUPN |
||
| 041 | 0 | _aspa | |
| 050 | 1 | 4 | _aBF789 D5 |
| 245 | 0 | 0 |
_aGuía de atención psicológica virtual para personas de grupos vulnerables en crisis por la pandemia Covid-19 _h[recurso electrónico en línea] |
| 250 | _aPrimera edición. | ||
| 260 |
_aMéxico : _bUniversidad Autónoma de Nayarit, _c2020 |
||
| 300 |
_a1 recurso en línea (109 páginas) : _bPDF |
||
| 506 | 0 | _aAcceso abierto. | |
| 650 | 4 |
_aOrientación psicológica _910238 |
|
| 650 | 4 |
_aPandemia de COVID-19, 2020-2023 _xAspectos psicológicos _954369 |
|
| 700 | 1 |
_aArgüero Fonseca, Aimée _954365 _ecoordinación |
|
| 856 | 4 | 0 | _uhttp://dspace.uan.mx:8080/jspui/handle/123456789/2335 |
| 902 | _aVíctor Ruiz/301024 | ||
| 942 |
_2lcc _cLIBRO-E |
||
| 999 |
_c211945 _d211945 |
||